000 00311nam a22001097a 4500
008 160426b xxu||||| |||| 00| 0 eng d
020 _a9780323072540
041 _aeng
080 _a618.2
245 _aManual of medical surgical nursing:
_cFrances D. Monahan; Marianne Neighbors; Carol J. Green;
942 _2udc
_cBK
999 _c1609
_d1609